| 000 | 01218cam a22003251a 4500 | ||
|---|---|---|---|
| 001 | gs 65000371 | ||
| 003 | DLC | ||
| 005 | 20260227111417.0 | ||
| 008 | 840924s1965 dcuab b f001 0 eng c | ||
| 010 | _ags 65000371 | ||
| 035 | _a(OCoLC)11191524 | ||
| 040 |
_aU.S. Geol. Survey Libr. _cCLS _dCLS _dDNAL _dOCoLC _dDLC |
||
| 042 | _apremarc | ||
| 050 | 0 | 0 |
_aTC801 _b.U2 no. 1548 |
| 070 | 0 |
_a407 _bG29W no.1548 |
|
| 072 | 0 | _aP200 | |
| 100 | 1 |
_aCardwell, G. T. _q(George T.), _d1922- |
|
| 245 | 1 | 0 |
_aGeology and ground water in Russian River valley areas and in Round, Laytonville and Little Lake Valleys, Sonoma and Mendocino Counties, California / _cby G.T. Cardwell. |
| 260 |
_aWashington, D.C. : _bU.S. G.P.O., _c1965. |
||
| 300 |
_avi, 154 p. : _bill., maps ; _c24 cm. |
||
| 440 | 0 |
_aGeological Survey water-supply paper ; _v1548 |
|
| 500 | _a"Prepared in cooperation with the California Department of Water Resources." | ||
| 500 | _aSix folded maps in pocket. | ||
| 504 | _aBibliography: p. 110-111. | ||
| 500 | _aIncludes index. | ||
| 650 | 0 |
_aGeology _zCalifornia. |
|
| 650 | 0 |
_aGroundwater _zCalifornia. |
|
| 650 | 0 |
_aWater-supply _zCalifornia. |
|
| 710 | 1 |
_aCalifornia. _bDepartment of Water Resources. |
|
| 999 |
_c30113 _d30113 |
||